000 00324nam a22001337a 4500
008 180111b xxu||||| |||| 00| 0 eng d
020 _a9780395976913
041 _aeng
080 _a37
100 _a46
101 _aEDU
245 _aJourneys near and far: reading and responding critically
_cReppy,J.M
942 _2udc
_cBK
999 _c40080
_d40080